[Event "Israel-ch Women 2021"]
[Site "Haifa"]
[Date "2021.03.10"]
[Round "4.20"]
[White "Golovchanskaya, Alina"]
[Black "Vardi, Shlomit"]
[Result "1-0"]
[WhiteElo "1681"]
[BlackElo "1901"]
[Annotator "TA"]
[PlyCount "67"]
[EventDate "2021.01.10"]
[EventType "swiss"]
[EventCountry "ISR"]
[SourceTitle "playchess.com"]
[Source "ChessBase"]
[SourceQuality "1"]

{[%evp 9,67,-2,16,12,12,20,13,10,19,10,24,22,33,44,46,25,32,32,31,34,164,170,188,172,210,222,259,199,251,249,337,235,379,367,371,366,476,463,575,586,684,675,698,687,685,689,872,861,879,872,936,912,1042,968,1457,1423,1308,1162,1168,763]} 1. Nf3 g6 2. g3 Bg7 3. c4 d6 4. Nc3 e5 5. d3 Nd7 6. Bg2 {A10: English Opening: Unusual Replies for Black.} Ngf6 7. b4 a5 {White must now prevent ...e4.} 8. b5 {[#] The position is equal.} O-O $146 ({Predecessor:} 8... Nc5 9. Ng5 h6 10. Nge4 Nfxe4 11. Nxe4 Ne6 12. Nc3 O-O 13. Rb1 Kh7 14. Nd5 f5 {1-0 (48) Witkamp,J (1664)-Gurevich,D (2073) Haarlem 2002}) 9. Bb2 Rb8 10. O-O Re8 11. Nd2 Nh5 12. Nd5 f5 13. Qc2 c6 14. Nc3 Rf8 {This costs Black the game.} (14... Qc7 $14) 15. bxc6 $18 bxc6 16. Bxc6 Ndf6 17. Rab1 f4 18. Bg2 fxg3 (18... Bb7 $142 19. Bxb7 Rxb7) 19. hxg3 Ng4 {intending ...Nxg3.} 20. Nce4 Bf5 (20... Bh6 $142 21. Bc3 Ne3) 21. Ba3 Rxb1 22. Qxb1 ({Don't take} 22. Rxb1 Nxf2 23. Nxf2 Nxg3 $18) 22... Bxe4 23. Nxe4 {White is clearly winning.} ({Less strong is} 23. Bxe4 Bh6 $18) 23... Nf4 24. Bf3 Nf6 25. Nxf6+ Rxf6 26. gxf4 Rxf4 27. Qb7 e4 28. Qd5+ Kh8 29. Bxe4 Rg4+ 30. Bg2 Be5 31. Rb1 Qf6 32. Rb8+ Kg7 33. Qg8+ Kh6 34. Qf8+ {Weighted Error Value: White=0.09/Black=0.49} 1-0

[Event "Israel-ch Women 2021"]
[Site "Haifa"]
[Date "2021.03.10"]
[Round "4.21"]
[White "Lian, Marina"]
[Black "Gadasi, Noam"]
[Result "1-0"]
[WhiteElo "1870"]
[BlackElo "1781"]
[Annotator "NA RC"]
[PlyCount "123"]
[EventDate "2021.01.10"]
[EventType "swiss"]
[EventCountry "ISR"]
[SourceTitle "playchess.com"]
[Source "ChessBase"]
[SourceQuality "1"]
[TimeControl "40/5400+30:3600+30"]

1. e4 {[%emt 0:00:00]} c5 {[%emt 0:00:00]} 2. Nc3 {[%emt 0:00:00]} Nc6 {[%emt 0:00:00]} 3. f4 {[%emt 0:00:00]} g6 {[%emt 0:00:14]} 4. Nf3 {[%emt 0:00:05]} Bg7 {[%emt 0:00:30]} 5. Bc4 {[%emt 0:01:29]} e6 {[%emt 0:00:38]} 6. f5 {[%emt 0:01:27]} Nge7 {[%emt 0:01:39]} 7. fxe6 {[%emt 0:00:37]} fxe6 {[%emt 0:00:45]} 8. d3 {[%emt 0:01:38]} d5 {[%emt 0:04:36]} 9. Bb3 {[%emt 0:01:21]} O-O {[%emt 0:01:49]} 10. a3 {[%emt 0:02:58]} Nd4 {[%emt 0:12:27]} 11. Nxd4 {[%emt 0:12:02]} Bxd4 {[%emt 0:11:02]} 12. Rf1 {[%emt 0:03:30]} b5 {[%emt 0:20:40]} 13. Bh6 {[%emt 0:28:46]} Rxf1+ {[%emt 0:11:23]} 14. Kxf1 {[%emt 0:00:01]} Bg7 {[%emt 0:06:50]} 15. Bxg7 {[%emt 0:00:18]} Kxg7 {[%emt 0:00:01]} 16. Nxb5 {[%emt 0:18:05]} Ba6 {[%emt 0:00:49]} 17. Nc3 {[%emt 0:04:47]} Qb6 {[%emt 0:01:13]} 18. Na4 {[%emt 0:02:03]} Qc7 {[%emt 0:00:29]} 19. Kg1 {[%emt 0:00:26]} Qe5 {[%emt 0:04:57]} 20. exd5 {[%emt 0:01:07]} Qd4+ {[%emt 0:01:24]} 21. Kh1 {[%emt 0:00:03]} exd5 {[%emt 0:00:12]} 22. Qe2 {[%emt 0:04:34]} Nf5 {[%emt 0:01:52]} 23. Qe6 {[%emt 0:00:54]} Bb5 {[%emt 0:04:11]} 24. Qxd5 {[%emt 0:03:57]} Qxd5 25. Bxd5 {[%emt 0:00:01]} Rd8 {[%emt 0:01:30]} 26. Nc3 {[%emt 0:00:02]} Ba6 {[%emt 0:01:41]} 27. Re1 {[%emt 0:01:49]} Rd7 {[%emt 0:02:04]} 28. Re6 {[%emt 0:00:45]} Bb7 29. Bxb7 {[%emt 0:02:51]} Rxb7 {[%emt 0:00:56]} 30. Na4 {[%emt 0:01:22]} Nd4 {[%emt 0:00:57]} 31. Re5 {[%emt 0:00:10]} Nxc2 {[%emt 0:01:38]} 32. Rxc5 {[%emt 0:00:03]} Nxa3 {[%emt 0:00:44]} 33. Kg1 {[%emt 0:00:49]} Nb5 {[%emt 0:01:30]} 34. Kf2 {[%emt 0:03:51]} Nd4 {[%emt 0:01:42]} 35. Rc4 {[%emt 0:01:22]} Rf7+ {[%emt 0:00:27]} 36. Ke3 {[%emt 0:00:39]} Nf5+ {[%emt 0:00:07]} 37. Ke2 {[%emt 0:00:52]} Rd7 {[%emt 0:01:42]} 38. Nc5 {[%emt 0:00:35]} Re7+ {[%emt 0:01:03]} 39. Kd2 {[%emt 0:01:10]} Ne3 {[%emt 0:00:53]} 40. Re4 {[%emt 0:01:32]} Rxe4 41. Nxe4 {[%emt 1:00:03]} Nxg2 {[%emt 1:00:42]} 42. d4 {[%emt 0:00:00]} Nf4 {[%emt 0:00:00]} 43. Kc3 {[%emt 0:00:00]} h6 {[%emt 0:00:00]} 44. Kc4 {[%emt 0:00:00]} Kf7 {[%emt 0:00:00]} 45. d5 {[%emt 0:00:00]} Ke7 {[%emt 0:00:00]} 46. d6+ {[%emt 0:00:00]} Kd7 {[%emt 0:00:00]} 47. Kd4 {[%emt 0:00:00]} g5 {[%emt 0:00:00]} 48. b3 {[%emt 0:00:00]} Kc6 {[%emt 0:00:00]} 49. Ke5 {[%emt 0:00:00]} Ng6+ {[%emt 0:00:00]} 50. Kf6 {[%emt 0:00:00]} Nf4 {[%emt 0:00:00]} 51. Ke7 {[%emt 0:02:12]} Ng6+ {[%emt 0:00:00]} 52. Kf6 {[%emt 0:01:34]} Nf4 {[%emt 0:00:00]} 53. Kg7 {[%emt 0:00:31]} h5 {[%emt 0:04:04]} 54. Kf6 {[%emt 0:00:25]} g4 {[%emt 0:03:21]} 55. Kg5 {[%emt 0:00:47]} Ne6+ {[%emt 0:00:49]} 56. Kxh5 {[%emt 0:00:04]} Kd5 {[%emt 0:00:20]} 57. Ng5 {[%emt 0:01:34]} ({Reject} 57. Kxg4 $6 Kxe4 58. d7 Ke5 $11) 57... Nd8 {[%emt 0:00:10]} (57... Nc5 $142) 58. d7 {[%emt 0:01:26]} Kd6 {[%emt 0:00:46]} 59. Kxg4 {[%emt 0:00:03]} Kxd7 {[%emt 0:00:09]} 60. Kf5 {[%emt 0:00:37]} Ke7 {[%emt 0:00:31]} 61. h4 {[%emt 0:00:21]} Kf8 {[%emt 0:00:40]} (61... Nc6 $16 62. Nf3 a6) 62. Ne6+ {[%emt 0:00:07]} 1-0

[Event "Israel-ch Women 2021"]
[Site "Haifa"]
[Date "2021.03.10"]
[Round "4.22"]
[White "Haitovich, Avital"]
[Black "Levitan, Ronit"]
[Result "1-0"]
[WhiteElo "1981"]
[BlackElo "2048"]
[Annotator "TA"]
[PlyCount "83"]
[EventDate "2021.01.10"]
[EventType "swiss"]
[EventCountry "ISR"]
[SourceTitle "playchess.com"]
[Source "ChessBase"]
[SourceQuality "1"]

{[%evp 23,83,-23,-18,-27,-25,-15,-20,-43,-44,-61,-70,-84,-83,-83,-54,-80,-85,-109,-97,-219,-57,-47,-47,-60,-67,-440,-433,-397,97,100,123,119,122,81,72,79,129,79,132,126,134,139,122,0,0,0,0,0,0,0,0,0,0,-72,640,633,630,622,904,867,775,741]} 1. e4 e5 2. Nf3 Nc6 3. Bb5 a6 4. Ba4 Nf6 5. d4 exd4 6. O-O Be7 7. Re1 b5 8. Bb3 d6 9. Bd5 Nxd5 10. exd5 Ne5 11. Nxd4 O-O 12. a4 Bg4 13. Qd2 {C84: Closed Ruy Lopez: Unusual White 6th moves.} Bd7 14. Nc3 b4 15. Nce2 {The position is equal.} Qb8 16. b3 Qb7 17. c4 bxc3 $1 18. Nxc3 {[#]} Ng6 $146 ({Predecessor:} 18... Rfe8 19. Bb2 Ng6 20. Qd3 Bf6 21. Red1 Bg4 22. Rdc1 Be5 23. Rab1 Qb6 24. Nce2 Bf6 {½-½ (47) Perez Rodriguez,L (2420)-De la Paz Perdomo,F (2461) Santa Clara 2005}) 19. Bb2 Bf6 20. Rac1 Rfe8 21. Ne4 {[#]} (21. h3 $17 {keeps fighting.}) 21... Be5 $2 (21... Rxe4 $1 $19 {[%mdl 512]} 22. Rxe4 Qxd5) 22. g3 $15 Qxd5 23. Rxc7 Bh3 24. Rc4 $2 {[%mdl 8192]} (24. Qg5 $15) 24... f5 $19 25. f4 Bxd4+ (25... fxe4 $19 26. fxe5 Rf8) 26. Rxd4 $16 Qb7 {[%cal Re8e4] [#]} 27. Rb4 Qa7+ 28. Bd4 Qd7 29. Nf2 Rxe1+ 30. Qxe1 Re8 31. Qd2 Bg4 32. Nxg4 fxg4 {[#]} 33. Rb6 (33. Bf2 $1 $16) 33... Qf5 $1 $11 {[%cal Rf5b1]} 34. Qd1 Qd5 35. Qd2 $36 {[%mdl 2048] White has the initiative.} ({Don't blunder} 35. Rxa6 $2 Re4 $19) 35... Qf3 {...Re2 is the strong threat.} 36. Bf2 Re2 {[%mdl 64] Double Attack} 37. Qd4 Rc2 {( -> ...Rc1+)} 38. Rb8+ (38. Qe3 $11 Qd5 39. Qe8+ Nf8 40. Rb8 Rc1+ 41. Be1 Qd4+ 42. Kh1 Qd5+ 43. Kg1 Qd4+ 44. Kh1 Qd5+ 45. Kg1) 38... Nf8 $2 {[%mdl 8192] [#]} (38... Kf7 $17 39. Qe3 Qc6) 39. Rxf8+ $1 $18 {[%mdl 512] White is clearly winning.} Kxf8 40. Qxd6+ {[%mdl 64] Double Attack} Kf7 41. Qd7+ Kf8 42. Qf5+ {[%mdl 64] Double Attack. White used his chance.  Weighted Error Value: White=0.44/Black=0.53} 1-0

[Event "Israel-ch Women 2021"]
[Site "Haifa"]
[Date "2021.03.10"]
[Round "4.23"]
[White "Aleksandrova, Aleksandra"]
[Black "Shaul Seidner, Liad"]
[Result "1-0"]
[WhiteElo "1769"]
[BlackElo "1687"]
[Annotator "NA RC"]
[PlyCount "113"]
[EventDate "2021.01.10"]
[EventType "swiss"]
[EventCountry "ISR"]
[SourceTitle "playchess.com"]
[Source "ChessBase"]
[SourceQuality "1"]
[TimeControl "40/5400+30:3600+30"]

1. d4 {[%emt 0:00:00]} Nf6 {[%emt 0:00:00]} 2. Nd2 {[%emt 0:00:00]} d5 {[%emt 0:00:00]} 3. e3 {[%emt 0:00:00]} e6 {[%emt 0:00:01]} 4. Bd3 {[%emt 0:00:00]} c5 {[%emt 0:00:08]} 5. c3 {[%emt 0:00:00]} Nc6 {[%emt 0:00:10]} 6. f4 {[%emt 0:00:01]} Bd6 {[%emt 0:00:23]} 7. Ngf3 {[%emt 0:00:31]} O-O {[%emt 0:01:36]} 8. Ne5 {[%emt 0:02:27]} g6 {[%emt 0:10:48]} 9. O-O {[%emt 0:14:44]} Ne7 {[%emt 0:18:12]} 10. Rf3 {[%emt 0:02:25]} Nf5 {[%emt 0:04:28]} 11. Rh3 {[%emt 0:03:11]} h5 {[%emt 0:04:11]} 12. Ndf3 {[%emt 0:10:08]} Ng4 {[%emt 0:08:53]} 13. Ng5 {[%emt 0:15:21]} Bxe5 {[%emt 0:07:21]} 14. dxe5 {[%emt 0:00:11]} c4 {[%emt 0:23:35]} 15. Be2 {[%emt 0:10:09]} Nfh6 {[%emt 0:04:23]} 16. Qc2 {[%emt 0:07:57]} Nf5 {[%emt 0:05:09]} 17. Qd1 {[%emt 0:00:51]} Nfh6 {[%emt 0:00:11]} 18. Rf3 {[%emt 0:12:39]} Nf5 {[%emt 0:07:20]} 19. h3 {[%emt 0:11:16]} Ngh6 {[%emt 0:00:27]} 20. Rf2 {[%emt 0:00:59]} Qb6 {[%emt 0:01:19]} 21. Bxh5 {[%emt 0:03:48]} Nxe3 {[%emt 0:00:34]} 22. Qe2 {[%emt 0:00:01]} Nef5 {[%emt 0:00:45]} 23. Bf3 {[%emt 0:00:24]} Ng3 {[%emt 0:00:21]} 24. Qc2 {[%emt 0:01:02]} Nhf5 {[%emt 0:00:29]} 25. Kh2 {[%emt 0:00:21]} Bd7 {[%emt 0:00:44]} 26. Bg4 {[%emt 0:00:41]} Ne3 {[%emt 0:00:52]} 27. Bxe3 {[%emt 0:00:42]} Qxe3 {[%emt 0:00:02]} 28. Rf3 {[%emt 0:00:12]} Qe2 {[%emt 0:01:01]} 29. Qxe2 {[%emt 0:00:34]} Nxe2 {[%emt 0:00:02]} 30. Rf2 {[%emt 0:00:27]} Nxc3 {[%emt 0:00:19]} 31. bxc3 {[%emt 0:00:07]} b5 {[%emt 0:00:45]} 32. Bd1 {[%emt 0:00:26]} a5 {[%emt 0:00:12]} 33. a3 {[%emt 0:00:46]} Rab8 {[%emt 0:01:17]} 34. Rb2 {[%emt 0:00:34]} Rb7 {[%emt 0:00:28]} 35. Nf3 {[%emt 0:00:11]} Rfb8 {[%emt 0:00:09]} 36. Rab1 {[%emt 0:00:15]} Kf8 {[%emt 0:00:50]} 37. Nd4 {[%emt 0:00:15]} b4 {[%emt 0:00:24]} 38. axb4 {[%emt 0:00:51]} axb4 {[%emt 0:00:02]} 39. Rxb4 {[%emt 0:00:14]} Rxb4 {[%emt 0:00:19]} 40. Rxb4 {[%emt 0:00:02]} Ra8 {[%emt 0:00:24]} 41. Rb7 {[%emt 1:03:35]} Be8 {[%emt 1:00:59]} 42. Rb1 {[%emt 0:01:55]} Ra3 {[%emt 0:00:00]} 43. Ne2 {[%emt 0:00:00]} Kg7 {[%emt 0:00:00]} 44. Rc1 {[%emt 0:00:00]} Ra2 {[%emt 0:00:00]} 45. Nd4 {[%emt 0:00:00]} Rf2 {[%emt 0:00:00]} 46. Ne2 {[%emt 0:00:00]} Rf1 {[%emt 0:00:00]} 47. Kg3 {[%emt 0:00:00]} g5 {[%emt 0:00:00]} 48. Bc2 {[%emt 0:00:00]} gxf4+ {[%emt 0:00:00]} 49. Kg4 {[%emt 0:00:00]} Rf2 {[%emt 0:00:00]} 50. Nxf4 {[%emt 0:00:00]} Kh6 {[%emt 0:00:00]} 51. Kg3 {[%emt 0:00:00]} Rd2 {[%emt 0:00:00]} 52. h4 {[%emt 0:00:00]} Bc6 {[%emt 0:00:00]} 53. Bd1 {[%emt 0:00:00]} Bb5 {[%emt 0:00:00]} 54. Bh5 {[%emt 0:00:00]} Kg7 {[%emt 0:00:00]} 55. Rb1 {[%emt 0:00:00]} Be8 {[%emt 0:00:00]} 56. Rb8 {[%emt 0:00:00]} Bc6 {[%emt 0:00:00]} 57. Rc8 {[%emt 0:00:00]} 1-0

[Event "Israel-ch Women 2021"]
[Site "Haifa"]
[Date "2021.03.11"]
[Round "5.17"]
[White "Federovski, Adi"]
[Black "Katkov, Michelle"]
[Result "1-0"]
[WhiteElo "1995"]
[BlackElo "2078"]
[Annotator "TA"]
[PlyCount "59"]
[EventDate "2021.01.10"]
[EventType "swiss"]
[EventCountry "ISR"]
[SourceTitle "playchess.com"]
[Source "ChessBase"]
[SourceQuality "1"]

{[%evp 12,59,20,11,22,16,15,15,25,8,10,-2,17,6,70,78,229,185,197,166,155,163,248,263,718,701,756,752,756,755,735,752,740,742,726,720,716,722,762,764,746,760,1046,1002,966,936,1061,777,1427,1427]} 1. e4 e5 2. Nf3 Nc6 3. Bb5 a6 4. Ba4 Nf6 5. d3 b5 6. Bb3 Bc5 7. Nc3 d6 {C77: Ruy Lopez: 3...a6 4 Ba4 Nf6, unusual lines.} 8. Nd5 h6 9. c3 O-O {The position is equal. 9...Be6 is the modern continuation.} 10. Nxf6+ Qxf6 11. Bd5 Bd7 12. Rg1 Rae8 (12... h5 $1 $11) 13. g4 $1 $14 {[%cal Rg4g5] [#]} Kh7 $146 (13... Qg6 $16) ({Predecessor:} 13... Qd8 14. g5 g6 15. gxh6 Kh8 16. Qe2 a5 17. Bg5 f6 18. Bd2 Ne7 19. Nh4 Kh7 {1-0 (26) Karthikeyan,M (2593)-Xu,Z (2504) Xingtai 2019}) 14. g5 $36 {[%mdl 2048] White is on the roll.} Qe7 15. gxh6 g6 16. h4 {[#] Strongly threatening h5!} Nd8 ({Not} 16... Qf6 $2 17. Bg5 $18) (16... f6 {keeps fighting.} 17. Ke2 Rb8) 17. h5 $18 {Bg5 is the strong threat.} Ne6 (17... Rg8 18. b4 Bb6) 18. Bxe6 {White is clearly winning.} Bxe6 19. Bg5 f6 20. hxg6+ Kxg6 21. Be3+ Kh7 22. Rg7+ Qxg7 23. hxg7 Kxg7 24. Qe2 Rh8 25. O-O-O Bxe3+ 26. Qxe3 Bxa2 27. Rg1+ Kf7 28. Qa7 {[%mdl 64] [#] Double Attack} Rc8 29. Qxa6 Ra8 30. Qc6 {Black got outplayed after the opening.  Weighted Error Value: White=0.08/Black=0.42} 1-0

[Event "Israel-ch Women 2021"]
[Site "Haifa"]
[Date "2021.03.11"]
[Round "5.18"]
[White "Reprun, Nadejda"]
[Black "Shvayger, Yuliya"]
[Result "0-1"]
[WhiteElo "1968"]
[BlackElo "2327"]
[Annotator "TA"]
[PlyCount "82"]
[EventDate "2021.01.10"]
[EventType "swiss"]
[EventCountry "ISR"]
[SourceTitle "playchess.com"]
[Source "ChessBase"]
[SourceQuality "1"]

{[%evp 14,82,22,23,29,26,46,26,34,29,17,31,12,7,10,-12,-9,-13,-6,-90,-90,-94,-93,-128,-66,-97,-76,-131,-13,-102,-115,-139,-151,-154,-153,-150,-129,-127,-133,-133,-87,-85,-79,-129,-104,-102,-100,-141,-138,-157,-136,-172,-167,-267,-281,-246,-212,-299,-289,-358,-358,-354,-303,-654,-647,-727,-711,-866,-839,-1142,-1124]} 1. e4 c5 2. Nf3 Nc6 3. d4 cxd4 4. Nxd4 e5 5. Nb5 d6 6. c4 Be6 7. N1c3 a6 8. Na3 g6 $1 {[%mdl 4] is more profitable than 8...Be7 at the moment. B32: Sicilian: Löwenthal and Kalashnikov Variations.} 9. Be3 Bg7 10. Nc2 Nf6 {White has an edge.} 11. Be2 O-O 12. O-O Rc8 13. Qd2 {[#]} Ne7 $146 ({Predecessor:} 13... Na5 14. b3 b5 15. Rfd1 bxc4 16. b4 Nc6 17. Qxd6 Nd4 18. Qxa6 {½-½ (35) Womacka,M (2436)-Halkias,S (2530) Germany 2020}) 14. Rfd1 Bxc4 15. Bxc4 Rxc4 16. Qxd6 (16. Qe2 $11 Rc6 17. Nb4) 16... Qxd6 $17 17. Rxd6 Nxe4 18. Nxe4 {[#] Nc3 is the strong threat.} Rxe4 (18... Rxc2 $17 19. Rd7 Nf5) 19. Rd7 $15 Nf5 20. Rxb7 ({White should play} 20. Rad1) 20... a5 (20... Rc8 $17 21. Rb4 Rxb4 22. Nxb4 Nxe3 23. fxe3 a5) 21. Rd1 (21. Rc7 $11 {keeps the balance.}) 21... Rc8 $17 22. Na3 Nxe3 23. fxe3 Bh6 24. Kf2 Bxe3+ 25. Kf3 Rd4 26. Rxd4 exd4 {[%mdl 4096] Endgame KRB-KRN} 27. Rb5 Bd2 28. Rd5 Bc1 29. Rxd4 Bxb2 30. Rd3 h5 31. Nb5 Rc2 32. Rd8+ Kg7 33. Ra8 {[#]} (33. Re8 $142) 33... Be5 $1 $19 34. Rxa5 Bxh2 35. a4 (35. Nd4 {was necessary.} Rc3+ 36. Kf2) 35... Be5 36. Ra6 h4 37. Nd6 Ra2 38. Nc4 $2 (38. Ne8+ Kf8 39. Nd6) 38... Bg3 {Black is clearly winning.} 39. Ne3 f5 {[%csl Gg3][%cal Ra2f2]} 40. Ra7+ Kh6 {[%csl Gg3][%cal Ra2f2]} 41. Nd1 Rd2 {Weighted Error Value: White=0.44/Black=0.15} 0-1

[Event "Israel-ch Women 2021"]
[Site "Haifa"]
[Date "2021.03.11"]
[Round "5.19"]
[White "Lian, Marina"]
[Black "Golovchanskaya, Alina"]
[Result "1-0"]
[WhiteElo "1870"]
[BlackElo "1681"]
[Annotator "NA RC"]
[PlyCount "131"]
[EventDate "2021.01.10"]
[EventType "swiss"]
[EventCountry "ISR"]
[SourceTitle "playchess.com"]
[Source "ChessBase"]
[SourceQuality "1"]
[TimeControl "40/5400+30:3600+30"]

{[%evp 8,125,6,0,61,9,8,-33,-34,-32,-30,-42,-33,-43,-12,0,-2,-11,17,45,54,21,80,71,58,46,66,73,141,179,135,129,141,129,172,162,245,245,245,236,243,278,32767,32767,32767,32767,504,578,525,691,606,592,539,575,805,675,981,913,1056,32767,32767,29993,29994,1091,970,1184,5581,889,904,32767,1399,738,696,858,667,672,670,834,800,887,893,1137,1260,2432,1431,4207,1852,5518,6095,12760,5539,6346,32767,32767,32767,32767,32767,32767,32767,32767,32767,32767,32767,32767,32767,32767,32767,32767,29990,32767,29991,32767,32767,32767,32767,32767,29995,29996,29996,29997]} 1. e4 {[%emt 0:00:00]} c5 {[%emt 0:00:00]} 2. Nc3 {[%emt 0:00:00]} Nc6 {[%emt 0:00:00]} 3. f4 {[%emt 0:00:00]} g6 {[%emt 0:00:08]} 4. Nf3 {[%emt 0:00:01]} Bg7 {[%emt 0:00:08]} 5. Bb5 {[%emt 0:00:20]} e6 {[%emt 0:00:48]} ({Better is} 5... Nd4 $11) 6. O-O {[%emt 0:01:25]} (6. Bxc6 $14 dxc6 7. d3) 6... Nge7 {[%emt 0:00:14]} 7. d3 {[%emt 0:03:20]} Na5 {[%emt 0:21:39]} 8. e5 {[%emt 0:09:44]} a6 {[%emt 0:00:53]} 9. Ba4 {[%emt 0:03:25]} b5 {[%emt 0:00:56]} 10. Bb3 {[%emt 0:00:06]} d5 {[%emt 0:09:31]} 11. exd6 {[%emt 0:05:50]} Qxd6 {[%emt 0:00:19]} 12. Ne4 {[%emt 0:01:02]} Qd8 {[%emt 0:17:30]} 13. c3 {[%emt 0:02:32]} Nb7 {[%emt 0:06:50]} 14. a4 {[%emt 0:21:51]} Bd7 {[%emt 0:06:25]} 15. axb5 {[%emt 0:14:09]} axb5 {[%emt 0:00:30]} 16. Rxa8 {[%emt 0:00:30]} Qxa8 {[%emt 0:00:05]} 17. Be3 {[%emt 0:00:43]} Qc8 {[%emt 0:05:55] [#]} (17... O-O $14) 18. Bxc5 $1 {[%emt 0:02:25]} Nf5 {[%emt 0:08:24]} 19. Bf2 {[%emt 0:01:02]} O-O {[%emt 0:02:19]} 20. Ne5 {[%emt 0:01:33]} Be8 {[%emt 0:03:15]} 21. Qa1 {[%emt 0:05:50]} Nfd6 {[%emt 0:01:06] [#]} 22. Nxd6 $1 {[%emt 0:01:32]} Nxd6 {[%emt 0:00:05]} 23. Qa7 {[%emt 0:02:44]} Nb7 {[%emt 0:03:51]} 24. Qb6 {[%emt 0:01:22]} Bxe5 {[%emt 0:00:59]} 25. fxe5 {[%emt 0:00:06]} h6 {[%emt 0:01:24]} 26. Be3 {[%emt 0:02:55]} Qc6 {[%emt 0:04:57]} 27. Qd4 {[%emt 0:01:01]} Kg7 {[%emt 0:00:55]} 28. Qf4 {[%emt 0:03:01]} Rh8 {[%emt 0:00:16]} 29. Qf6+ {[%emt 0:00:32]} Kg8 {[%emt 0:00:32]} 30. d4 {[%emt 0:02:40]} Na5 {[%emt 0:00:54]} 31. Bc2 {[%emt 0:00:27]} Nc4 {[%emt 0:00:28]} 32. Bc1 {[%emt 0:01:41]} Rh7 {[%emt 0:02:15]} 33. Rf3 {[%emt 0:03:32]} Nb6 {[%emt 0:00:55] [#]} 34. Bxg6 $1 {[%emt 0:02:10]} Rg7 {[%emt 0:00:19] [#]} 35. Bh5 {[%emt 0:00:43]} (35. Bxf7+ $142 $1 {[%mdl 512]} Bxf7 36. Bxh6 Rxg2+ {[%mdl 64] Remove Defender} 37. Kxg2 Qxf3+ 38. Kxf3 Bh5+ 39. Kg3 Kh7 40. Qg7#) 35... Nd5 {[%emt 0:01:52]} 36. Qh4 {[%emt 0:00:15]} Kh7 {[%emt 0:00:39]} 37. Qe4+ {[%emt 0:00:17]} Kg8 {[%emt 0:00:14]} 38. Bxh6 {[%emt 0:01:28]} Ne7 {[%emt 0:00:51]} 39. Qxc6 {[%emt 0:02:28]} Bxc6 {[%emt 0:00:23]} 40. Bxg7 {[%emt 0:01:07]} Bxf3 {[%emt 0:00:04]} 41. Bxf3 {[%emt 1:00:19]} Kxg7 {[%emt 1:00:04]} 42. g4 {[%emt 0:00:30]} Kh6 {[%emt 0:01:22]} 43. Kf2 {[%emt 0:01:28]} Kg5 {[%emt 0:00:05]} 44. Kg3 {[%emt 0:00:11]} f5 {[%emt 0:00:00]} 45. exf6 {[%emt 0:00:00]} Kxf6 {[%emt 0:00:00]} 46. h4 {[%emt 0:00:00]} Nc8 {[%emt 0:00:00]} 47. Kf4 {[%emt 0:00:00]} Nd6 {[%emt 0:00:00]} 48. g5+ {[%emt 0:00:00]} Kf7 {[%emt 0:00:00]} 49. h5 {[%emt 0:00:00]} Nc4 {[%emt 0:00:00]} 50. Be2 {[%emt 0:00:00]} Nxb2 {[%emt 0:00:00]} 51. Bxb5 {[%emt 0:00:00]} Nd1 {[%emt 0:00:00]} 52. c4 {[%emt 0:00:00]} Nc3 {[%emt 0:00:00]} 53. Ke5 {[%emt 0:00:00]} Ke7 {[%emt 0:00:00]} 54. h6 {[%emt 0:00:00]} Kf7 {[%emt 0:00:00]} 55. h7 {[%emt 0:00:00]} Kg7 {[%emt 0:00:00]} 56. g6 {[%emt 0:00:00]} Ne2 {[%emt 0:00:00]} 57. Be8 {[%emt 0:00:00]} Ng3 {[%emt 0:00:00]} 58. Kxe6 {[%emt 0:00:00]} Kh8 {[%emt 0:00:00]} 59. c5 {[%emt 0:00:00]} Ne4 {[%emt 0:00:00]} 60. c6 {[%emt 0:00:00]} Nf6 {[%emt 0:00:00]} 61. Bf7 {[%emt 0:00:00]} Nxh7 {[%emt 0:00:00]} 62. gxh7 {[%emt 0:00:00]} Kxh7 {[%emt 0:00:00]} 63. c7 {[%emt 0:00:00]} Kg7 {[%emt 0:00:00]} 64. c8=Q {[%emt 0:00:00]} Kh6 {[%emt 0:00:00]} 65. Kf6 {[%emt 0:00:00]} Kh7 {[%emt 0:00:00]} 66. Qg8+ {[%emt 0:00:00]} 1-0